Všichni neseme odpovědnost za to, jak se trh práce vyvíjí

Rozhovor s riaditeľom najväčšej personálnej agentúry v Česku a na Slovensku Manuvia o hľadaní kvalitnej pracovnej sily na východ od nás.

Salvato in:
Dettagli Bibliografici
Autore principale: Dosedla, Peter
Altri autori: Kazdová, Alena
Natura: Capitolo di libro
Lingua:ceco
Soggetti:
Tags: Aggiungi Tag
Nessun Tag, puoi essere il primo ad aggiungerne!!

MARC

LEADER 00000naa a2200000 4500
001 0249201
005 20230221071655.4
041 0 |a cze 
044 |a CZ 
245 1 0 |a Všichni neseme odpovědnost za to, jak se trh práce vyvíjí  |c Peter Dosedla, Alena Kazdová 
520 |a Rozhovor s riaditeľom najväčšej personálnej agentúry v Česku a na Slovensku Manuvia o hľadaní kvalitnej pracovnej sily na východ od nás. 
610 2 0 |a rozhovor 
610 2 0 |a osobnosť 
610 2 0 |a zdroje ľudské 
610 2 0 |a sily pracovné 
610 2 0 |a zamestnanci 
610 2 0 |a zamestnávanie cudzincov 
610 2 0 |a agentúry personálne 
100 1 |a Dosedla, Peter 
700 1 |a Kazdová, Alena